FIFA Weltrangliste der Männer 2023 Top 20 - Statistiken

Allgemein
  • Dieses Quiz wurde 513 mal gespielt
  • Das Durchschnittsergebnis liegt bei 17 aus 20
Antwortstatistiken
# Land Punkte % Korrekt
16 Deutschland 1631,22
99%
2 Frankreich 1845,44
99%
1 Argentinien 1855,2
98%
5 Brasilien 1784,09
98%
3 England 1800,05
96%
8 Spanien 1732,64
96%
7 Portugal 1745,06
94%
4 Belgien 1798,46
93%
9 Italien 1718,82
93%
6 Niederlande 1745,48
92%
12 Vereinigte Staaten 1665,27
87%
17 Japan 1620,19
83%
18 Schweiz 1613,44
82%
10 Kroatien 1717,57
81%
13 Marokko 1661,69
80%
15 Mexiko 1652,7
79%
19 Dänemark 1601,31
75%
14 Kolumbien 1655,29
74%
11 Uruguay 1665.99
71%
20 Senegal 1594,31
51%
Keine übereinstimmenden Quizze gefunden
Verteilung der Resultate
Anzahl Personen mit jedem Resultat
Perzentil nach korrekt beantworteten Fragen
Ihre Resultats-Entwicklung
Sie haben dieses Quiz noch nicht gespielt